00558cam a22002291 4500001001300000003000400013005001700017008004100034010001700075035002000092040001800112042001200130050001700142100003700159245001600196260001100212300002300223500001600246504002600262650002300288999001700311sa 65000926 DLC20260227112106.0890728s1964 ii b 000 0 maro  asa 65000926  a(OCoLC)20087022 aDLCcWaUdDLC apremarc00aPK2353b.K291 aKalelkar, Narayan Govind,d1909-10aBhāshā. c[1964] a15, 115 p.c22 cm. aIn Marathi. aBibliography: p. 113. 0aMarathi philology. c61815d61815